Top 300 Baby Boy Names UK 2021 - Statistics

General Stats
  • This quiz has been taken 1,488 times
  • The average score is 124 of 300
Answer Stats
Answer % Correct
154 John
94%
13 Jack
93%
21 William
92%
7 Harry
91%
3 George
90%
30 James
89%
2 Oliver
89%
18 Thomas
88%
122 Alex
86%
54 Daniel
86%
10 Henry
86%
62 David
85%
42 Benjamin
84%
91 Charles
83%
78 Michael
83%
233 Peter
83%
27 Alexander
82%
191 Christopher
82%
144 Robert
82%
291 Andrew
81%
29 Edward
81%
86 Liam
81%
28 Luca
81%
123 Matthew
81%
46 Joseph
80%
6 Leo
80%
295 Sam
80%
192 Frank
79%
250 Lukas
79%
117 Luke
79%
1 Noah
79%
22 Lucas
78%
14 Charlie
77%
84 Mohammad
77%
245 Zac
77%
44 Adam
76%
5 Muhammad
76%
17 Jacob
74%
275 Jakub
74%
31 Joshua
74%
241 Mark
74%
56 Samuel
74%
101 Leon
73%
41 Louie
73%
50 Louis
73%
97 Jackson
72%
52 Jaxon
72%
135 Jaxson
72%
8 Oscar
72%
223 Oskar
72%
43 Ethan
71%
99 Nathan
71%
12 Freddie
70%
293 Freddy
70%
4 Arthur
69%
137 Lewis
69%
166 Nicholas
68%
259 Nicolas
68%
106 Ryan
68%
202 Anthony
67%
105 Eli
67%
55 Zachary
67%
226 Mohamed
66%
15 Theo
66%
211 Jason
65%
24 Tommy
65%
25 Isaac
64%
119 Aaron
63%
108 Jake
63%
261 Jonathan
63%
247 Marcus
63%
58 Albert
62%
9 Archie
62%
125 Patrick
62%
34 Max
61%
239 Victor
61%
128 Billy
60%
132 Eric
60%
159 Jamie
60%
193 Kevin
60%
149 Owen
60%
155 Tyler
60%
134 Vincent
60%
61 Frederick
59%
11 Theodore
59%
248 Christian
58%
33 Elijah
58%
220 Jordan
58%
37 Mason
58%
16 Alfie
57%
49 Harrison
57%
222 Leonard
57%
57 Dylan
56%
240 Martin
56%
38 Sebastian
56%
124 Aiden
55%
35 Mohammed
55%
156 Muhammed
55%
157 Nathaniel
55%
180 Connor
54%
289 Conor
54%
80 Alfred
53%
73 Bobby
53%
219 Eddie
53%
158 Evan
53%
92 Kai
53%
53 Logan
53%
263 Bradley
52%
182 Finlay
52%
19 Finley
52%
268 Finnley
52%
104 Jayden
52%
186 Callum
50%
89 Elliot
50%
216 Francis
50%
65 Frankie
50%
72 Finn
49%
127 Joey
48%
40 Jude
48%
282 Julian
48%
111 Miles
48%
100 Myles
48%
96 Ollie
48%
107 Elliott
47%
194 Cameron
46%
77 Gabriel
46%
206 Xavier
46%
141 Ali
45%
76 Caleb
45%
173 Joel
45%
45 Hugo
44%
60 Hunter
44%
70 Riley
44%
66 Toby
44%
69 Carter
42%
286 Ivan
42%
287 Mylo
42%
200 Ted
42%
224 Zain
42%
167 Zayn
42%
249 Adrian
41%
71 Felix
41%
83 Milo
41%
48 Ronnie
41%
82 Stanley
41%
114 Dominic
40%
95 Harvey
40%
136 Jonah
40%
139 Levi
39%
264 Quinn
39%
36 Reuben
39%
300 Teddie
39%
26 Teddy
39%
74 Blake
38%
145 Cooper
38%
284 Damian
38%
120 Austin
37%
266 Hayden
37%
116 Leonardo
37%
39 Rory
37%
110 Ruben
37%
32 Albie
36%
204 Cole
36%
143 Parker
36%
51 Ezra
35%
23 Roman
35%
63 Rowan
35%
98 Tobias
35%
88 Ellis
34%
79 Jasper
34%
64 Jesse
34%
47 Reggie
34%
130 Robin
34%
126 Cody
33%
68 Grayson
33%
118 Jax
33%
189 Kayden
33%
218 Mateo
33%
197 Matteo
33%
163 Maxwell
33%
175 Xander
33%
20 Arlo
32%
115 Harley
32%
172 Isaiah
32%
281 Kaiden
31%
176 Asher
30%
177 Seth
30%
178 Abel
29%
214 Nico
29%
109 Elias
28%
169 Maximilian
27%
93 Rupert
27%
188 Aidan
26%
150 Brodie
26%
90 Brody
26%
221 Tristan
26%
262 Zack
26%
138 Axel
25%
238 Bailey
25%
113 Beau
24%
210 Casper
24%
133 Dexter
24%
272 Jensen
24%
103 Jenson
24%
235 Josiah
24%
255 Rhys
24%
228 Flynn
23%
212 Omar
23%
85 Ralph
23%
199 Spencer
23%
252 Umar
23%
215 Bertie
22%
59 Hudson
22%
164 Lincoln
22%
237 Romeo
22%
174 Archer
21%
260 Franklin
21%
243 Micah
21%
251 Ronan
21%
234 Abdul
20%
256 Ahmad
20%
209 Ahmed
20%
227 Douglas
20%
203 Kian
20%
183 Maximus
20%
236 Reginald
20%
102 Ibrahim
19%
81 Otis
19%
190 Rafael
19%
184 Raphael
19%
131 River
19%
121 Vinnie
19%
94 Yusuf
19%
244 Ezekiel
18%
299 Lennie
18%
153 Lenny
18%
162 Otto
18%
142 Rex
18%
147 Wilfred
18%
87 Chester
17%
258 Lennon
16%
75 Sonny
16%
296 Stefan
16%
201 Zion
16%
253 Amir
15%
246 Barney
15%
225 Eden
15%
151 Enzo
15%
297 Ari
14%
274 Cillian
14%
165 Phoenix
14%
285 Fraser
13%
257 Hector
13%
185 Rio
13%
269 Cruz
12%
207 Rudy
12%
170 Sidney
12%
196 Abdullah
11%
288 Ace
11%
229 Barnaby
11%
140 Bodhi
11%
129 Marley
11%
67 Oakley
11%
270 Remi
11%
179 Rocco
11%
280 Coby
10%
161 Kit
10%
231 Kobe
10%
254 Monty
10%
279 Cassius
9%
187 Filip
9%
198 Hamza
9%
171 Idris
9%
168 Lorenzo
8%
276 Milan
8%
265 Marcel
7%
273 Zayd
7%
292 Kingsley
6%
112 Musa
6%
213 Rafe
6%
208 Rafferty
6%
148 Remy
6%
277 Rohan
6%
146 Ayaan
5%
232 Ayan
5%
283 Rayyan
5%
195 Syed
5%
278 Amari
4%
294 Kylo
4%
230 Mustafa
4%
267 Ralphie
4%
205 Rayan
4%
181 Eesa
3%
242 Kairo
3%
290 Osian
3%
152 Yahya
3%
160 Zakariya
2%
217 Matei
1%
298 Zayaan
1%
271 Zayan
1%
No matching quizzes found
Score Distribution
Percent of People with Each Score
Percentile by Number Answered
Your Score History
You have not taken this quiz